000 00571nam a2200217Ia 4500
003 OSt
005 20220928140757.0
006 a|||||r|||| 00| 0
007 ta
008 220927b |||||||| |||| 00| 0 eng d
024 _a11805
037 _cTextual
040 _aSDCL
_cSDCL
_beng
041 _2eng
_aeng
082 _aV1'N, L2.3
100 _aGarraty John A Ed.
_9497603
245 0 _aHistory of the world.V 3.
700 _a Gay Peter Ed.
_9497604
942 _hV1'N, L2.3
_cTEXL
_2CC
999 _c814223
_d814223